1343 1429 1984 1439 1810 1754 1790 1945 1280 1281 1517 1803 1510 1953 1352 1924 1822 1915 1644 1394 1067 1090 1630 1072 1471 1430 1687 1152 1787 1511 1389 1835 1788 1016 1102 1886 1559 1026 1010 1097 1452 1470 1762 1335 1729 1688 1282 1329 1271 1502 1756 1544 1363 1503 1670 1855 1129 1260 1948 1439 1443 1793 1649 1796 1467 1295 1685 1538 1410 1421 1643 1202 1600 1662 1058 1223 1227 1227 1137 1798 1320 1828 1933 1052 1408 1423 1749 1823 1087 1897 1586 1648 1135 1690 1898 1878 1581 1222 1072 BCNSPRNW ULIB Ver.6.0+V

เปลี่ยนเป็นภาษาไทย

Change to English
 แสดงรายละเอียดบรรณานุกรม
  กลับหน้าหลัก

Brief Record : Get Marc (ISO 2709) : E-mail record : QR code < ปิดหน้าต่าง
LEADER : 00000nam 2200000uu 4500
001    13399114439
003     ULIB
008    110627s||||||||th 000 0 tha d
020    9789745764002
090    นว.^bส174น
098    นว.^bส174น
100 0  สเตเฟนี่ เมเยอร์
245 00 นวจันทรา (New Moon)/^cสเตเฟนี่ เมเยอร์
250    พิมพ์ครั้งที่ 8
260    กรุงเทพฯ :^bปราชญ์เปรียว,^c2552
300    509 หน้า
710 1  ปราชญ์เปรียว
945    ^p335^l0^i026729
995    ทศพร
999 ^a ใช้งานได้ทุกระบบ
รายการนี้ยังไม่มีแท็ก
คุณยังไม่ได้ล็อกอิน คุณสามารถมีกิจกรรมร่วมกับเว็บไซต์ได้ แต่ต้องล็อกอินก่อน ::
  ล็อกอิน

รายการสื่อสารสนเทศ

ลำดับที่ ประเภท เลขเรียก/บาร์โค้ด สถานที่ สถานะ
1. นวนิยาย
นวนิยาย
นว. ส174น  
  Barcode: 026729
ห้องสมุดวิทยาเขตสวรรค์ประชารักษ์
►นวนิยาย
บนชั้น
  ขอยืม

รายการใกล้เคียง
    ผู้แต่ง [สเตเฟนี่ เมเยอร์]

BibComment


ยังไม่เคยถูกคอมเมนท์

คอมเมนท์ทรัพยากรรายการนี้
  คอมเมนท์: นวจันทรา New Moon..


 Copyright 2026. Bcnsprnw @Library